| 000 | 00368 a2200133 4500 | ||
|---|---|---|---|
| 003 | OSt | ||
| 005 | 20180116182707.0 | ||
| 008 | 160518b xxu||||| |||| 00| 0 eng d | ||
| 040 | _c0 | ||
| 100 | _aAkbar Ahmed | ||
| 245 |
_aThe Quaid Jinnah and the Story of Pakistan. _cAkbar Ahmed |
||
| 260 |
_aOxford University Islamabad _c1997. |
||
| 942 |
_aNBS _cBK _k954.9042 AHM _2ddc |
||
| 999 |
_c344192 _d344192 |
||